[Event "Detroit (Pan Am/4)"]
[Site "?"]
[Date "1992.??.??"]
[Round "?"]
[White "Golonka, Stan"]
[Black "Seawald, Dennis"]
[Result "0-1"]
[WhiteElo "1980"]
[BlackElo "2225"]
[PlyCount "94"]
[EventDate "1992.??.??"]

1. c4 g6 2. g3 Bg7 3. Bg2 c5 4. Nc3 Nc6 5. e4 e6 6. Nge2 Nge7 7. O-O a6 8. d3
Rb8 9. Bf4 d6 10. Qd2 O-O 11. Bh6 Bxh6 12. Qxh6 b5 13. b3 e5 14. f4 f6 15. f5
Rf7 16. g4 Qf8 17. Qxf8+ Kxf8 18. fxg6 hxg6 19. h3 g5 20. Ng3 b4 21. Nd5 Nxd5
22. exd5 Nd4 23. Ne4 Ne2+ 24. Kf2 Nf4 25. Nxd6 Rh7 26. Kg3 Rc7 27. Ne4 Kf7 28.
Rad1 Bd7 29. Rd2 a5 30. Rh1 Rh8 31. Bf1 Rh4 32. Rdh2 a4 33. Rg1 Kg7 34. Nd2 Ra7
35. Nf3 Rh8 36. Nd2 Rh4 37. Nf3 Rh8 38. h4 axb3 39. axb3 gxh4+ 40. Nxh4 Ra3 41.
Nf5+ Bxf5 42. gxf5 Rxh2 43. Kxh2+ Kf7 44. Bg2 Nxg2 45. Rxg2 Rxb3 46. Ra2 Ra3
47. Rb2 Rxd3 0-1

[Event "Detroit (Pan Am/2)"]
[Site "?"]
[Date "1992.??.??"]
[Round "?"]
[White "Golonka, Stan"]
[Black "Morabito, Matthew"]
[Result "1-0"]
[WhiteElo "1980"]
[BlackElo "1725"]
[PlyCount "71"]
[EventDate "1992.??.??"]

1. c4 Nf6 2. Nc3 d6 3. g3 g6 4. Bg2 Bg7 5. e4 c5 6. Nge2 Nc6 7. O-O O-O 8. d4
cxd4 9. Nxd4 Nxd4 10. Qxd4 Be6 11. Qd3 Rc8 12. b3 Nd7 13. Bb2 a6 14. Nd1 Bxb2
15. Nxb2 Nc5 16. Qe3 Bd7 17. Nd3 Nxd3 18. Qxd3 b5 19. Rfe1 bxc4 20. bxc4 Rc5
21. Qa3 a5 22. Rad1 Qc7 23. e5 Rxe5 24. Rxe5 dxe5 25. Qxe7 Qxc4 26. Rxd7 Qxa2
27. Bd5 Qb1+ 28. Kg2 Qf5 29. Ra7 Kg7 30. Rxa5 h5 31. Ra3 h4 32. h3 Qf6 33. Qb7
Re8 34. Rf3 Re7 35. Rxf6 Rxb7 36. Rxg6+ 1-0

[Event "Detroit (MI Op/1a/28)"]
[Site "?"]
[Date "1992.??.??"]
[Round "?"]
[White "Golonka, Stan"]
[Black "Mailing, Ian"]
[Result "1/2-1/2"]
[WhiteElo "2025"]
[BlackElo "1660"]
[PlyCount "81"]
[EventDate "1992.??.??"]

1. c4 Nf6 2. Nc3 g6 3. g3 Bg7 4. Bg2 d6 5. e4 c5 6. Nge2 e5 7. O-O O-O 8. h3
Nc6 9. d3 Be6 10. f4 Qd7 11. Kh2 Kh8 12. Nd5 Bxd5 13. cxd5 Nd4 14. Be3 Qb5 15.
fxe5 dxe5 16. Bg5 Ng8 17. Nxd4 cxd4 18. Qb3 Qxb3 19. axb3 f6 20. Bd2 a6 21.
Rac1 Rac8 22. Rxc8 Rxc8 23. Rc1 Rxc1 24. Bxc1 Bf8 25. Bd2 Bd6 26. Bf3 Ne7 27.
Kg2 Kg7 28. Bd1 b5 29. Bg4 f5 30. Be2 b4 31. Bg5 h6 32. Bd2 Ng8 33. Kf2 Nf6 34.
Kf3 a5 35. Bd1 Nd7 36. Bc2 Bf8 37. Bd1 Kf6 38. h4 Ke7 39. Ke2 Nf6 40. Kf3 Kf7
41. Bc1 1/2-1/2

[Event "Detroit (MI Op/5/25)"]
[Site "?"]
[Date "1992.??.??"]
[Round "?"]
[White "Golonka, Stan"]
[Black "Anderson, JA."]
[Result "1/2-1/2"]
[WhiteElo "2025"]
[BlackElo "1810"]
[PlyCount "35"]
[EventDate "1992.??.??"]

{5/(25)} 1. c4 Nf6 2. Nc3 c5 3. e4 d6 4. Nge2 Nc6 5. g3 g6 6. Bg2 Bg7 7. O-O
O-O 8. d3 Rb8 9. h3 a6 10. f4 e5 11. Be3 Nd4 12. Kh2 Bd7 13. Nd5 Nxd5 14. cxd5
f5 15. Qd2 Rc8 16. Rac1 Qe7 17. b3 Qe8 18. Nc3 1/2-1/2

[Event "Detroit (MOR/1a/64)"]
[Site "?"]
[Date "1992.??.??"]
[Round "?"]
[White "Golingai, P."]
[Black "Thomas, Oscar"]
[Result "0-1"]
[WhiteElo "1605"]
[BlackElo "1605"]
[PlyCount "92"]
[EventDate "1992.??.??"]

1. d4 d5 2. c4 dxc4 3. e3 Nf6 4. Bxc4 a6 5. Nf3 Bg4 6. O-O e6 7. Nc3 Bd6 8. e4
e5 9. dxe5 Bxf3 10. Qxf3 Bxe5 11. Rd1 Qe7 12. Bg5 Bxc3 13. bxc3 Nbd7 14. e5
Nxe5 15. Qxb7 O-O 16. Re1 Rab8 17. Bxf6 Qxf6 18. Qxc7 Nxc4 19. Qxc4 Rfc8 20.
Qa4 Qxc3 21. h3 g6 22. Rac1 Qf6 23. Rxc8+ Rxc8 24. Rb1 Kg7 25. Qa5 Rc2 26. Rf1
Qe6 27. a4 Ra2 28. Re1 Rxa4 29. Qc3+ Qf6 30. Qxf6+ Kxf6 31. Kf1 Ra2 32. Kg1 a5
33. Kf1 a4 34. g3 a3 35. Kg2 Rb2 36. Ra1 a2 37. Kf3 Ke5 38. Ke3 f5 39. f4+ Kd5
40. Rd1+ Kc4 41. Rd4+ Kb5 42. Rd5+ Ka4 43. Rd7 Rb3+ 44. Kf2 Ka3 45. Rd1 Rb1 46.
Rd3+ Kb4 0-1

[Event "East Lansing (MI Am/4)"]
[Site "?"]
[Date "1992.??.??"]
[Round "?"]
[White "Golingai, P."]
[Black "Taylor, J."]
[Result "1-0"]
[WhiteElo "1605"]
[BlackElo "1605"]
[PlyCount "103"]
[EventDate "1992.??.??"]

1. d4 d5 2. c4 dxc4 3. e3 Nc6 4. Bxc4 e5 5. dxe5 Qxd1+ 6. Kxd1 Nxe5 7. Bb3 Be6
8. Bxe6 fxe6 9. Ke2 O-O-O 10. Nf3 Bd6 11. Bd2 Nxf3 12. Kxf3 Be5 13. Bc3 Bxc3
14. Nxc3 Ne7 15. Rad1 Rhe8 16. Ke2 Rxd1 17. Rxd1 Rd8 18. Rxd8+ Kxd8 19. Ne4 Nf5
20. Nc5 Ke7 21. Nxb7 a6 22. Nc5 a5 23. Nb7 Nh4 24. g3 Nf5 25. Nxa5 Kd6 26. Nc4+
Kd5 27. Na5 Kc5 28. Nb3+ Kc4 29. h4 h5 30. Kd2 Nh6 31. Nd4 e5 32. Ne6 g6 33.
Nxc7 Ng4 34. Ke2 Nh2 35. Ne6 e4 36. Nf8 Kd5 37. Nxg6 Nf3 38. Nf4+ Ke5 39. Nxh5
Kf5 40. b4 Kg4 41. Nf4 Nxh4 42. gxh4 Kxh4 43. b5 Kg4 44. b6 Kh4 45. b7 Kg4 46.
b8=Q Kf5 47. Qf8+ Ke5 48. Qc5+ Kf6 49. Qd6+ Kf5 50. Qe6+ Kg5 51. Qg6+ Kh4 52.
Qh5# 1-0

[Event "Detroit (MOR/4/80)"]
[Site "?"]
[Date "1992.??.??"]
[Round "?"]
[White "Golingai, P."]
[Black "Moceri, Paul"]
[Result "1/2-1/2"]
[WhiteElo "1605"]
[BlackElo "1700"]
[PlyCount "100"]
[EventDate "1992.??.??"]

{4/(80)} 1. d4 e6 2. c4 f5 3. Nc3 Nf6 4. g3 d5 5. cxd5 Nxd5 6. Bg2 c6 7. Nf3
Bd6 8. O-O Nd7 9. Bg5 N7f6 10. Nxd5 exd5 11. Bd2 O-O 12. Bf4 Ne4 13. Qc1 c5 14.
Bxd6 Qxd6 15. dxc5 Nxc5 16. Rd1 Be6 17. Ng5 Rac8 18. Nxe6 Nxe6 19. Qe3 d4 20.
Qb3 b6 21. Bd5 Rce8 22. Bxe6+ Qxe6 23. Qxe6+ Rxe6 24. Kf1 Rd8 25. Rd2 Kf7 26.
Rad1 Red6 27. e3 d3 28. Rc1 Ke6 29. Rc7 R8d7 30. Rxd7 Rxd7 31. Ke1 Ke5 32. f3
g5 33. h3 f4 34. gxf4+ gxf4 35. Kf2 a6 36. a3 b5 37. Rd1 h6 38. Rd2 Kf5 39. Rd1
h5 40. Rd2 h4 41. Rd1 a5 42. b3 fxe3+ 43. Kxe3 Re7+ 44. Kd2 Kf4 45. Rf1 Rd7 46.
Rg1 Kxf3 47. Rg4 Re7 48. Rxh4 Re2+ 49. Kxd3 Re3+ 50. Kc2 Re2+ 1/2-1/2

[Event "Detroit (Pan Am/3)"]
[Site "?"]
[Date "1992.??.??"]
[Round "?"]
[White "Golingai, P."]
[Black "Greenwald, R."]
[Result "1/2-1/2"]
[WhiteElo "1605"]
[BlackElo "1605"]
[PlyCount "67"]
[EventDate "1992.??.??"]

1. d4 Nf6 2. c4 g6 3. Nc3 Bg7 4. e4 c5 5. d5 e6 6. Nf3 O-O 7. h3 Re8 8. Be3 d6
9. Bd3 Na6 10. a3 Nc7 11. Qd2 a6 12. g4 exd5 13. cxd5 b5 14. Bg5 Qd7 15. O-O-O
a5 16. Rde1 b4 17. axb4 axb4 18. Nb1 Ba6 19. e5 Nfxd5 20. exd6 Qxd6 21. Rxe8+
Nxe8 22. Bxa6 Rxa6 23. Re1 Ra8 24. Be7 Nxe7 25. Qxd6 Nxd6 26. Rxe7 Rc8 27. Rd7
Nc4 28. b3 Nb6 29. Rb7 Nd5 30. Ng5 f6 31. Ne6 Bh6+ 32. Kc2 Nf4 33. Nc7 Nxh3 34.
Nd5 1/2-1/2

[Event "Lansing (Apr)"]
[Site "?"]
[Date "1992.??.??"]
[Round "?"]
[White "Golingai, P."]
[Black "Gaiefsky, S."]
[Result "0-1"]
[WhiteElo "1605"]
[BlackElo "1605"]
[PlyCount "82"]
[EventDate "1992.??.??"]

1. d4 d6 2. c4 Nf6 3. Nc3 a6 4. Nf3 h6 5. e4 Bg4 6. Bd3 e5 7. d5 Nbd7 8. Be3
Be7 9. O-O Bh5 10. Re1 Nc5 11. Bxc5 dxc5 12. Rb1 O-O 13. a3 Qd6 14. b4 cxb4 15.
axb4 b6 16. h3 Nd7 17. Be2 Qf6 18. Qa4 b5 19. cxb5 axb5 20. Qxb5 Nb6 21. Ra1
Bd6 22. Na4 Rab8 23. Nc5 Qe7 24. Rec1 Nxd5 25. Qc4 Nxb4 26. Na6 Nxa6 27. Rxa6
Rb4 28. Qa2 Rxe4 29. Bd3 Rf4 30. Nh2 Rd4 31. Bb1 g6 32. g4 e4 33. Kh1 Qe5 34.
Rxd6 Qxd6 35. gxh5 Rd1+ 36. Rxd1 Qxd1+ 37. Kg2 Qxh5 38. Bxe4 Qg5+ 39. Kf1 Rd8
40. Nf3 Qf4 41. Bxg6 Qxf3 0-1

[Event "Detroit (Pan Am/5)"]
[Site "?"]
[Date "1992.??.??"]
[Round "?"]
[White "Golingai, P."]
[Black "Gaiefsky, Mike"]
[Result "1-0"]
[WhiteElo "1605"]
[BlackElo "1815"]
[PlyCount "55"]
[EventDate "1992.??.??"]

1. d4 Nf6 2. c4 g6 3. Nc3 Bg7 4. e4 d6 5. f3 O-O 6. Be3 Nbd7 7. Nge2 e5 8. d5
a6 9. Qd2 Re8 10. g4 b6 11. Ng3 Nc5 12. h4 a5 13. h5 Qe7 14. O-O-O a4 15. Be2
c6 16. Bh6 Nb3+ 17. axb3 axb3 18. Bxg7 Ra1+ 19. Nb1 Rxb1+ 20. Kxb1 Qa7 21. Qh6
Nxg4 22. fxg4 Qa2+ 23. Kc1 Qa1+ 24. Kd2 Qxb2+ 25. Ke3 Qc3+ 26. Kf2 Bxg4 27.
hxg6 Qe3+ 28. Kxe3 1-0

[Event "East Lansing (MI Am/5)"]
[Site "?"]
[Date "1992.??.??"]
[Round "?"]
[White "Golingai, P."]
[Black "Eck, J."]
[Result "1-0"]
[WhiteElo "1605"]
[BlackElo "1605"]
[PlyCount "123"]
[EventDate "1992.??.??"]

1. d4 Nf6 2. c4 e6 3. Nc3 Be7 4. Nf3 d6 5. Bg5 h6 6. Bh4 a6 7. e3 Nbd7 8. Be2
b6 9. Rc1 c5 10. d5 e5 11. Bxf6 Nxf6 12. e4 Nh7 13. Rb1 O-O 14. b4 f5 15. bxc5
bxc5 16. Qc2 fxe4 17. Nxe4 Bf5 18. O-O Ng5 19. Nfxg5 Bxg5 20. Bd3 Bxe4 21. Bxe4
Rf4 22. f3 Rf6 23. Rb7 Be3+ 24. Kh1 Rb8 25. Rfb1 Rxb7 26. Rxb7 Rf7 27. Bh7+ Kf8
28. Rxf7+ Kxf7 29. Qg6+ Kf8 30. Qf5+ Qf6 31. Qc8+ Ke7 32. Qxa6 e4 33. Qb7+ Kd8
34. Bxe4 Qa1+ 35. Qb1 Qxb1+ 36. Bxb1 Kc7 37. Bc2 Kb6 38. h3 Ka5 39. g4 g5 40.
Kg2 Kb4 41. Bb3 Bf4 42. Kf2 Kc3 43. Ke2 Be5 44. Ke3 Bf4+ 45. Ke4 Kd2 46. Kf5
Ke3 47. a4 Kxf3 48. a5 Kg3 49. a6 Kxh3 50. a7 Be5 51. a8=Q h5 52. gxh5 g4 53.
Qa2 g3 54. Bd1 g2 55. Bg4+ Kg3 56. Qb3+ Kh2 57. Qc2 Kg3 58. Qd3+ Kh2 59. Qe2
Kg3 60. h6 g1=Q 61. Qf3+ Kh2 62. Qh3# 1-0

[Event "Lansing (Aug)"]
[Site "?"]
[Date "1992.??.??"]
[Round "?"]
[White "Golingai, P."]
[Black "Carr, James"]
[Result "1/2-1/2"]
[WhiteElo "1605"]
[BlackElo "1605"]
[PlyCount "110"]
[EventDate "1992.??.??"]

1. d4 Nf6 2. c4 e6 3. Nc3 Bb4 4. e3 b6 5. Bd3 Bb7 6. Nf3 c5 7. O-O cxd4 8. exd4
Bxc3 9. bxc3 O-O 10. Be3 d6 11. a4 Nc6 12. Rb1 Qc7 13. Rb5 h6 14. Qd2 Ba6 15.
Bxh6 Bxb5 16. Qg5 Ne8 17. Bxg7 Nxg7 18. Qh6 f5 19. Ng5 Ne8 20. Nxe6 Qf7 21.
Qxf8+ Qxf8 22. Nxf8 Kxf8 23. cxb5 Ne7 24. Re1 Ng7 25. c4 Rc8 26. Rc1 Ne6 27. d5
Nf4 28. Bf1 Nfg6 29. g3 f4 30. h4 f3 31. Kh2 Ne5 32. Kh3 Kg7 33. g4 N7g6 34.
Kg3 Rf8 35. h5 Nf4 36. Re1 Kh6 37. Rxe5 dxe5 38. a5 Rf6 39. axb6 axb6 40. Kh4
Kg7 41. g5 Rd6 42. Kg4 Nxd5 43. cxd5 Rxd5 44. Kxf3 Rd4 45. Kg3 Kf7 46. Bg2 Ke6
47. Bc6 Kf5 48. g6 Rg4+ 49. Kf3 Rf4+ 50. Ke3 Kf6 51. Bf3 Kg7 52. Be2 Kh6 53.
Bf3 Rb4 54. Be2 Rh4 55. Bf3 Rb4 1/2-1/2

[Event "Detroit (MOR/6/95)"]
[Site "?"]
[Date "1992.??.??"]
[Round "?"]
[White "Golingai, P."]
[Black "Carpenter, O."]
[Result "1-0"]
[WhiteElo "1605"]
[BlackElo "1605"]
[PlyCount "69"]
[EventDate "1992.??.??"]

{6/(95)} 1. d4 Nf6 2. c4 c5 3. d5 d6 4. Nc3 g6 5. e4 Bg7 6. Be3 Ng4 7. Bc1 Bd4
8. Be3 Bxe3 9. fxe3 Nxe3 10. Qd2 Nxf1 11. Kxf1 e5 12. Ke2 O-O 13. Rf1 f5 14.
Nf3 Nd7 15. Qh6 Nf6 16. Ng5 Qe7 17. Rf3 Ng4 18. Qh4 Bd7 19. Rh3 h5 20. Rf1 f4
21. Rb1 Ne3 22. Kf2 Bxh3 23. gxh3 a6 24. Rg1 Rab8 25. Kf3 b5 26. cxb5 axb5 27.
Qe1 Nc2 28. Qd1 Nd4+ 29. Kf2 Qd7 30. Ne6 Nxe6 31. dxe6 Qxe6 32. Qxh5 Kf7 33.
Qh7+ Ke8 34. Rxg6 Rb7 35. Rxe6+ 1-0

[Event "East Lansing (MI Am/2)"]
[Site "?"]
[Date "1992.??.??"]
[Round "?"]
[White "Golingai, P."]
[Black "Aldrich, Justin"]
[Result "1-0"]
[WhiteElo "1605"]
[BlackElo "1605"]
[PlyCount "69"]
[EventDate "1992.??.??"]

1. d4 d5 2. c4 dxc4 3. e3 Nf6 4. Bxc4 e6 5. Nf3 Bb4+ 6. Bd2 Qe7 7. O-O Ne4 8.
Qa4+ Bd7 9. Qxb4 Qxb4 10. Bxb4 Nc6 11. Bc3 Nxc3 12. Nxc3 O-O 13. Nb5 Na5 14.
Rac1 Nxc4 15. b3 a6 16. Nxc7 Bc6 17. Nxa8 Rxa8 18. bxc4 Bxf3 19. gxf3 Rd8 20.
Rb1 b5 21. cxb5 axb5 22. Rxb5 h6 23. a4 Ra8 24. a5 Kf8 25. Rfb1 Ke7 26. Rb7+
Kd8 27. Rb8+ Rxb8 28. Rxb8+ Kc7 29. Rb1 Kc6 30. a6 Kd5 31. a7 Kd6 32. a8=Q e5
33. Rb6+ Kc7 34. Qa7+ Kc8 35. Rb8# 1-0

[Event "Lansing (Aug)"]
[Site "?"]
[Date "1992.??.??"]
[Round "?"]
[White "Golangai, P."]
[Black "Waite, Lawrence"]
[Result "1-0"]
[WhiteElo "1605"]
[BlackElo "1605"]
[PlyCount "49"]
[EventDate "1992.??.??"]

1. d4 Nf6 2. c4 g6 3. Nc3 Bg7 4. e4 d6 5. f3 O-O 6. Be3 Nc6 7. Qd2 e5 8. d5 Ne7
9. Nge2 c6 10. g4 cxd5 11. cxd5 a6 12. Ng3 b5 13. h4 Bxg4 14. fxg4 Nxg4 15. Be2
Nxe3 16. Qxe3 f5 17. exf5 Nxf5 18. Nxf5 Rxf5 19. h5 Qf6 20. Ne4 Qf8 21. hxg6
hxg6 22. Bg4 Rf4 23. Be6+ Rf7 24. Rf1 Kh8 25. Qh3+ 1-0

[Event "Flint (Class A/3)"]
[Site "?"]
[Date "1992.??.??"]
[Round "?"]
[White "Gipson, John"]
[Black "Triplett, Thomas"]
[Result "0-1"]
[WhiteElo "1960"]
[BlackElo "1890"]
[PlyCount "56"]
[EventDate "1992.??.??"]

1. d4 Nf6 2. c4 e6 3. Nc3 Bb4 4. Qc2 O-O 5. e4 Bxc3+ 6. bxc3 d6 7. Nf3 h6 8.
Bd3 Nbd7 9. Ba3 Re8 10. Rd1 e5 11. O-O b6 12. c5 bxc5 13. dxc5 dxc5 14. Bb5 Qe7
15. Nh4 g6 16. f3 Rd8 17. Bc4 Kg7 18. Qf2 Bb7 19. Rd2 Bc6 20. Rfd1 Rab8 21. Bb3
a5 22. g4 a4 23. Bc4 Bb5 24. Bxc5 Nxc5 25. Rxd8 Rxd8 26. Rxd8 Bxc4 27. Rd2
Nfxe4 28. Nxg6 fxg6 0-1

[Event "Flint (Class A/2)"]
[Site "?"]
[Date "1992.??.??"]
[Round "?"]
[White "Gipson, John"]
[Black "Aldrich, Jeff"]
[Result "0-1"]
[WhiteElo "1960"]
[BlackElo "1895"]
[PlyCount "46"]
[EventDate "1992.??.??"]

1. d4 d5 2. Nf3 Nf6 3. c4 e6 4. Nc3 Nbd7 5. e3 Be7 6. Bd3 a6 7. O-O dxc4 8.
Bxc4 b5 9. Bd3 Bb7 10. Qc2 Bxf3 11. gxf3 c5 12. dxc5 Nxc5 13. Rd1 Nxd3 14. Rxd3
Qc7 15. Qe2 Qc4 16. a4 O-O 17. axb5 axb5 18. Rxa8 Rxa8 19. Bd2 Ra1+ 20. Kg2 Qh4
21. e4 g5 22. e5 g4 23. exf6 Qh3# 0-1

[Event "Flint (Beg/5)"]
[Site "?"]
[Date "1992.??.??"]
[Round "?"]
[White "Giles, M."]
[Black "Worthey Jr., R."]
[Result "0-1"]
[WhiteElo "1605"]
[BlackElo "1605"]
[PlyCount "92"]
[EventDate "1992.??.??"]

1. g3 c5 2. Bg2 d5 3. Nf3 e6 4. d3 Nc6 5. c3 c4 6. d4 Nh6 7. Bxh6 gxh6 8. Nbd2
Bg7 9. b3 cxb3 10. axb3 O-O 11. Qc2 Re8 12. h4 e5 13. e3 Bg4 14. O-O-O Qb6 15.
Bh3 h5 16. Bxg4 hxg4 17. Ng5 e4 18. Ndxe4 dxe4 19. Nxe4 Rad8 20. Ng5 Kf8 21.
Qxh7 Qxb3 22. Qc2 Qa3+ 23. Qb2 Qa4 24. Qxb7 Re7 25. Qb2 Rb8 26. Qc2 Qa1+ 27.
Kd2 Qb2 28. Qxb2 Rxb2+ 29. Kd3 f6 30. Ne6+ Rxe6 31. d5 Rd6 32. Ke4 Ne7 33. c4
f5+ 34. Kd3 Rb3+ 35. Ke2 a5 36. Rhe1 a4 37. Rb1 Rbb6 38. Rbc1 Rb2+ 39. Kf1 a3
40. Ra1 Ra6 41. d6 Nc6 42. h5 Rc2 43. Re2 Rxe2 44. Kxe2 Bxa1 45. Kd2 a2 46. h6
Be5 0-1

[Event "Flint (Beg/1)"]
[Site "?"]
[Date "1992.??.??"]
[Round "?"]
[White "Giles, M."]
[Black "Juska, K."]
[Result "0-1"]
[WhiteElo "1605"]
[BlackElo "1605"]
[PlyCount "70"]
[EventDate "1992.??.??"]

1. g3 e5 2. Bg2 Nf6 3. d3 Bc5 4. Nf3 Nc6 5. c3 d6 6. Qc2 Be6 7. Qa4 Bd7 8. Qc2
Qc8 9. Nbd2 Bh3 10. O-O Bxg2 11. Kxg2 h6 12. b4 Bb6 13. a4 a5 14. b5 Ne7 15.
Nc4 O-O 16. Nxb6 cxb6 17. Qb3 Qd7 18. Be3 Ned5 19. Nd2 Nxe3+ 20. fxe3 Qe7 21.
e4 Kh8 22. h3 Nd7 23. Nc4 Qe6 24. Qa3 d5 25. exd5 Qxd5+ 26. Kg1 Nc5 27. Nxb6
Qe6 28. Qxc5 Qxh3 29. Qxe5 Rae8 30. Qf4 Rxe2 31. Rf2 Rfe8 32. Raf1 Re1 33. Rxe1
Rxe1+ 34. Rf1 Re2 35. Qf3 Qh2# 0-1

[Event "Flint (Beg/2)"]
[Site "?"]
[Date "1992.??.??"]
[Round "?"]
[White "Giles, M."]
[Black "Choate, Dan"]
[Result "1-0"]
[WhiteElo "1605"]
[BlackElo "1605"]
[PlyCount "120"]
[EventDate "1992.??.??"]

1. g3 e5 2. Bg2 Nf6 3. d3 d5 4. Nf3 Nc6 5. c3 d4 6. cxd4 Nxd4 7. Nxe5 Bb4+ 8.
Nc3 Qd6 9. Nf3 O-O 10. Bf4 Qe7 11. Nxd4 Re8 12. O-O c5 13. Nc6 Qe6 14. Nxb4
cxb4 15. Nb1 Ng4 16. e4 Bd7 17. Bh3 f5 18. Bxg4 fxg4 19. Qb3 Qxb3 20. axb3 a6
21. Nd2 b5 22. e5 Bc6 23. d4 Rad8 24. Be3 Ra8 25. f4 a5 26. Rac1 Bd5 27. Rc5
Be6 28. Rxb5 Rec8 29. d5 Bd7 30. Rc5 Re8 31. e6 Bc8 32. f5 Ra6 33. Rfc1 Bb7 34.
d6 Rxd6 35. Nc4 Rd3 36. Nxa5 Be4 37. Rc8 Rdd8 38. Rxd8 Rxd8 39. Rc7 Bxf5 40.
Nc6 Rd1+ 41. Kf2 Bxe6 42. Rb7 Rd5 43. Ne7+ Kf8 44. Nxd5 Bxd5 45. Rxb4 Be6 46.
Rb8+ Kf7 47. b4 g6 48. b5 Bd5 49. b6 Ke7 50. Bc5+ Kd7 51. b4 Bc6 52. Rh8 h5 53.
Rh7+ Kc8 54. Rc7+ Kb8 55. Rxc6 g5 56. Bd6+ Kb7 57. b5 h4 58. Rc7+ Kxb6 59. Rc5
h3 60. Ke3 Kb7 1-0

[Event "Detroit (MI Action/5)"]
[Site "?"]
[Date "1992.??.??"]
[Round "?"]
[White "Gilbert, J."]
[Black "Vaka, Flamur"]
[Result "0-1"]
[WhiteElo "1605"]
[BlackElo "1605"]
[PlyCount "118"]
[EventDate "1992.??.??"]

1. e4 c6 2. Nf3 d5 3. e5 Bf5 4. Nh4 Bg6 5. Nxg6 hxg6 6. Nc3 e6 7. d4 Bb4 8. Bd2
Nd7 9. Bd3 Nh6 10. Bxh6 Rxh6 11. Qd2 Qh4 12. h3 Qxd4 13. a3 Qxe5+ 14. Be2 Bxc3
15. bxc3 Nc5 16. f4 Qe4 17. Kf1 Rh4 18. Bf3 Qxf4 19. Qxf4 Rxf4 20. Ke2 Ne4 21.
Bxe4 Rxe4+ 22. Kd3 Ke7 23. Rhe1 Rxe1 24. Rxe1 Rh8 25. Rb1 b6 26. c4 Rh5 27. c5
b5 28. a4 a6 29. axb5 axb5 30. c4 bxc4+ 31. Kc3 Rf5 32. Rb7+ Kd8 33. Rb6 Kc7
34. Ra6 Rf2 35. Ra7+ Kb8 36. Re7 Kc8 37. Re8+ Kd7 38. Rg8 Rxg2 39. Rxg7 Ke7 40.
Rh7 Rg3+ 41. Kc2 Rb3 42. h4 Rb5 43. h5 gxh5 44. Rxh5 Rxc5 45. Re5 Rb5 46. Kc3
Rb3+ 47. Kc2 Kd6 48. Re1 d4 49. Rb1 f5 50. Rxb3 cxb3+ 51. Kd1 c5 52. Kd2 c4 53.
Kd1 c3 54. Kc1 b2+ 55. Kb1 d3 56. Ka2 d2 57. Kb1 d1=Q+ 58. Ka2 b1=Q+ 59. Ka3
Qdb3# 0-1

[Event "Detroit (MI Action/1)"]
[Site "?"]
[Date "1992.??.??"]
[Round "?"]
[White "Gilbert, J."]
[Black "Skidmore, Mike"]
[Result "0-1"]
[WhiteElo "1605"]
[BlackElo "1905"]
[PlyCount "42"]
[EventDate "1992.??.??"]

1. e4 c5 2. Nf3 a6 3. Bc4 e6 4. O-O Nc6 5. d3 Be7 6. Nc3 Qc7 7. Re1 Nf6 8. g3
d6 9. Bg5 h6 10. Bxf6 Bxf6 11. Qd2 O-O 12. Rab1 b5 13. Bb3 Bb7 14. a4 Qb6 15.
Qf4 Ne7 16. e5 Ng6 17. Qg4 Bxe5 18. Nxe5 Nxe5 19. Ra1 Nxg4 20. axb5 c4 21. dxc4
Qxf2# 0-1

[Event "Detroit (MI Action/3)"]
[Site "?"]
[Date "1992.??.??"]
[Round "?"]
[White "Gilbert, J."]
[Black "DeVoll, J."]
[Result "1/2-1/2"]
[WhiteElo "1605"]
[BlackElo "1605"]
[PlyCount "85"]
[EventDate "1992.??.??"]

1. e4 e5 2. Nf3 Nf6 3. Nc3 d6 4. Bc4 Bg4 5. h3 Bxf3 6. Qxf3 Be7 7. d3 O-O 8.
O-O a6 9. Re1 b5 10. Bd5 Nxd5 11. Nxd5 Nd7 12. Re3 c6 13. Nb4 d5 14. Nxc6 Qe8
15. Nxe7+ Qxe7 16. Qg4 Nf6 17. Qg5 h6 18. Qg3 d4 19. Bd2 dxe3 20. Bxe3 g5 21.
h4 Nh5 22. Qg4 Nf4 23. Bxf4 exf4 24. hxg5 hxg5 25. f3 Rac8 26. c3 Qf6 27. Rc1
Qh6 28. Rc2 Rfd8 29. g3 f6 30. gxf4 Qf8 31. Rh2 Rxd3 32. Qf5 Rd1+ 33. Kg2 Rd2+
34. Kh1 Rxh2+ 35. Kxh2 Qh6+ 36. Kg2 Rd8 37. Qe6+ Kf8 38. Kf2 Rd2+ 39. Ke3 Rd1
40. Qc8+ Kf7 41. Qc7+ Kf8 42. Qc8+ Kf7 43. Qc7+ 1/2-1/2

[Event "Detroit (MI Op/7/14)"]
[Site "?"]
[Date "1992.??.??"]
[Round "?"]
[White "Ghiata, Gheorghe"]
[Black "Thomas, C."]
[Result "0-1"]
[WhiteElo "1970"]
[BlackElo "2100"]
[PlyCount "54"]
[EventDate "1992.??.??"]

{7/(14)} 1. c4 c5 2. Nf3 Nf6 3. g3 g6 4. Bg2 Bg7 5. O-O O-O 6. Nc3 Nc6 7. d3 d6
8. Nd5 Nxd5 9. cxd5 Nb4 10. e4 b6 11. a3 Na6 12. Rb1 Bd7 13. b4 cxb4 14. axb4
Nc7 15. Bb2 Nb5 16. Bxg7 Kxg7 17. Qb3 Qb8 18. d4 Rc8 19. Rfc1 Qb7 20. e5 Rxc1+
21. Rxc1 Rc8 22. Rxc8 Qxc8 23. Qe3 Qc3 24. e6 Qxe3 25. exd7 Qc1+ 26. Bf1 Qc7
27. Bh3 f5 0-1

[Event "Flint (Class A/5)"]
[Site "?"]
[Date "1992.??.??"]
[Round "?"]
[White "Ghiata, Gheorghe"]
[Black "Smith, Michael R"]
[Result "1-0"]
[WhiteElo "1945"]
[BlackElo "1950"]
[PlyCount "31"]
[EventDate "1992.??.??"]

1. d4 e6 2. e3 d5 3. Nd2 Nf6 4. Bd3 c5 5. c3 Nc6 6. f4 Be7 7. Qf3 Bd7 8. g4 h6
9. Ne2 Qc7 10. h3 O-O-O 11. O-O g6 12. dxc5 Bxc5 13. b4 Be7 14. b5 Na5 15. a4
Qxc3 16. Nxc3 1-0

[Event "Flint (Class A/1)"]
[Site "?"]
[Date "1992.??.??"]
[Round "?"]
[White "Ghiata, Gheorghe"]
[Black "Mekus, R."]
[Result "1-0"]
[WhiteElo "1945"]
[BlackElo "1830"]
[PlyCount "55"]
[EventDate "1992.??.??"]

1. d4 e6 2. e3 Nf6 3. Bd3 c5 4. c3 d5 5. Nd2 Nc6 6. f4 Bd6 7. Qf3 Bd7 8. g4 g6
9. Ne2 Qe7 10. Ng3 cxd4 11. exd4 O-O-O 12. h3 Kb8 13. b4 Bc8 14. Nb3 Qc7 15.
Bd2 g5 16. Ne2 gxf4 17. g5 Ne8 18. Nxf4 f6 19. gxf6 Nxf6 20. b5 Ne7 21. Nxe6
Bxe6 22. Qxf6 Bg3+ 23. Kd1 Qd6 24. Bg5 Ng6 25. Nc5 Rde8 26. Bxg6 Rhf8 27. Qg7
hxg6 28. Qxb7# 1-0

[Event "Detroit (MI Op/5/12)"]
[Site "?"]
[Date "1992.??.??"]
[Round "?"]
[White "Ghiata, Gheorghe"]
[Black "Linn, Peter"]
[Result "1/2-1/2"]
[WhiteElo "1970"]
[BlackElo "2145"]
[PlyCount "53"]
[EventDate "1992.??.??"]

{5/(12)} 1. d4 d5 2. c4 e6 3. Nc3 c5 4. Nf3 Nc6 5. cxd5 exd5 6. g3 Nf6 7. Bg5
cxd4 8. Nxd4 Be7 9. Nxc6 bxc6 10. Bg2 O-O 11. Be3 Re8 12. O-O Bd6 13. Na4 Ng4
14. Bd4 Ba6 15. Bf3 Ne5 16. Bxe5 Rxe5 17. Rc1 Qe8 18. Rc2 Rb8 19. b3 Rb7 20.
Qc1 Rc7 21. Qd2 Qe7 22. Rfc1 Bb5 23. Nc5 Bxe2 24. Bxe2 Bxc5 25. Bd3 Ba3 26. Rf1
Bb4 27. Qf4 1/2-1/2

[Event "Flint (Class A/3)"]
[Site "?"]
[Date "1992.??.??"]
[Round "?"]
[White "Ghiata, Gheorghe"]
[Black "Kung, Fred"]
[Result "1-0"]
[WhiteElo "1945"]
[BlackElo "1800"]
[PlyCount "59"]
[EventDate "1992.??.??"]

1. d4 d5 2. e3 e6 3. Bd3 Nf6 4. Nd2 c5 5. c3 b6 6. f4 Bb7 7. Ngf3 c4 8. Bc2
Nbd7 9. Ne5 Be7 10. Qf3 b5 11. O-O O-O 12. g4 Nxe5 13. fxe5 Nd7 14. Qh3 g6 15.
Nf3 f6 16. exf6 Bxf6 17. g5 Bxg5 18. Qg4 Bh6 19. Qxe6+ Kh8 20. Qh3 Kg7 21. a4
a6 22. axb5 axb5 23. Rxa8 Bxa8 24. Qg3 Qe7 25. Ne1 Nf6 26. Ng2 Bc6 27. Nh4 Ne4
28. Bxe4 Rxf1+ 29. Kxf1 dxe4 30. Nf5+ 1-0

[Event "Detroit (MI Op/3/10)"]
[Site "?"]
[Date "1992.??.??"]
[Round "?"]
[White "Ghiata, Gheorghe"]
[Black "Fischvogt, Eric"]
[Result "1-0"]
[WhiteElo "1970"]
[BlackElo "2230"]
[PlyCount "45"]
[EventDate "1992.??.??"]

{3/(10)} 1. d4 d5 2. c4 e6 3. Nc3 Nf6 4. Bg5 Be7 5. e3 O-O 6. Nf3 Nbd7 7. c5 c6
8. Bd3 e5 9. dxe5 Ne8 10. Bf4 Nxc5 11. Bc2 g6 12. Bh6 Ng7 13. h4 Bg4 14. Qd4
Bxf3 15. gxf3 Nce6 16. Qg4 Re8 17. f4 d4 18. O-O-O dxc3 19. Rxd8 cxb2+ 20. Kxb2
Bxd8 21. f5 Nf8 22. Bxg7 Kxg7 23. f6+ 1-0